000 00747cam a22002533a 4500
001 7792
003 PGUSA
005 20140828083149.0
008 050301s2005||||xxu|||||s|||||000 1 eng d
040 _aPGUSA
_beng
042 _adc
050 4 _aPT
100 1 _aAndersen Nexø, Martin,
_d1869-1954
245 1 0 _aPelle the Conqueror — Volume 02
_h[electronic resource] /
_cMartin Andersen Nexø
260 _bProject Gutenberg,
_c2005
506 _aPublic domain in the USA.
516 _aElectronic text
653 _aFathers and sons -- Fiction
653 _aImmigrants -- Denmark -- Fiction
700 1 _aMiall, Bernard,
_d1876-
830 0 _aProject Gutenberg
_v7792
856 4 0 _uhttp://www.gutenberg.org/ebooks/7792
942 _cEB
999 _c237092
_d237092